00471 2200205 4500001002100000035002000021245003500041100001700076250001400093260002100107300002700128020001800155084001600173082001000189650001800199990001200217990001200229990001200241990001200253INLIS000000000008559 a0010-0123000100 aTas rajut trendycYanti Hafnur aYanti Hafnur aCetakan I bKata Mediac2016 aiv, 84 halamanc21 cm. a9789791478670 a745.5 YAN t a745.5 aSeni Dekorasi a022.989 a022.990 a022.989 a022.990